L'outre-mer français : 4 - la Guadeloupe - Statistiques

Statistiques générales
  • Ce quiz a été pris 513 fois
  • Le résultat moyen est 9 sur 15
Statistiques - réponses
Indice Réponse % Correct
Dans quel océan est située l'île de la Guadeloupe ? Atlantique
96%
Quelle est sa capitale ? Basse-Terre
82%
Volcan actif de la Guadeloupe La Soufrière
77%
Surnom de l'île, donné en référence à sa forme Ile papillon
76%
Autre production importante Banane
72%
Chanteur guadeloupéen avec qui on peut y aller, c'est bon ! Francky Vincent
68%
Iles voisines rattachées administrativement à la Guadeloupe Les Saintes, la Désirade, Marie-Galante
64%
Quelle est la principale production guadeloupéenne ? La canne à sucre
62%
Nation qui au fil de l'Histoire a souvent tenté et parfois réussi à mettre la main sur la Guadeloupe Angleterre
61%
Quel est le pays continental le plus proche ? Vénézuela
49%
Insecticide très toxique utilisé dans la culture précédente et qui pose un problème important de santé publique Chlordécone
45%
Explorateur océanographique français dont on avait donné le nom à une réserve marine (aujourd'hui Parc naturel de Pigeon) Cousteau
43%
Championne olympique, récemment mais brièvement ministre des sports Laura Flessel
37%
Humoriste français qui possédait une maison en Guadeloupe dont on peut visiter le jardin Coluche
36%
Poète, écrivain, diplomate, lauréat du Prix Nobel de Littérature Saint-John Perse
6%
Aucun quiz correspondant
Distribution des résultats
% des personnes avec chaque résultat
Percentile par nombre de réponses
Votre historique - résultats
Vous n’avez pas pris ce quiz